000 01110nam a2200205Ia 4500
003 Ost
005 20260507075803.0
008 260507s9999||||xx |||||||||||||| ||und||
020 _a9789947265710
040 _cfsecg
041 _aara
082 _a658.81
100 _aغلاب، نعيمة
_eمؤلف
245 0 _aقنوات التوزيع :
_bوظائف التوزيع، الوسطاء، منافذ التوزيع /
_c نعيمة غلاب
260 _aالجزائر :
_bدار الهدى للطباعة والنشر والتوزيع,
_c2013
300 _a175 صفحة؛
_bإيضاحات ؛
_c24 سم
504 _aبيبليوغرافيا: ص ص.161-175
520 _aيضم التوزيع، قنوات أو منافذ التوزيع، قنوات واستراتيجيات التوزيع، التسيير الداخلي لقنوات التوزيع، منافذ التوزيع ومتغيرات السلوك، الأداء في منافذ التوزيع، السلطة في منافذ التوزيع، الصراع، النماذج السلوكية في منافذ التوزيع.
942 _cكتاب
999 _c46328
_d46328